000 02518nam a2200325 a 4500
001 000015398
003 DO-SdBNP
005 20210505121653.0
007 000015398
008 100208s2003 dr c 000 0 spa d
020 _a9993427039
040 _aBPMSU
_bspa
_cBPMSU
082 _2
_a972.93053
_bD559u
092 _a
100 1 _aDiederich, Bernard
_d1926 -
245 1 0 _aUna cámara testigo de la historia :
_bel recorrido dominicano de un cronista extranjero 1951-1966 /
_cBernard Diederich ; introducción Bernardo Vega.
260 _aSanto Domingo :
_bFundación Global y Desarrollo:
_bFundación Cultural Dominicana,
_c2003.
300 _a268 p. :
_bil. ;
_c31 cm.
500 _aIncluye índices
504 _aIncluye referencias bibliográficas (p. 249-256)
505 1 _tPatrocinadores --
_tIntroducción Diesiséis años de historia dominicana a través del lente de Bernard Diederich (1951-1966)
_rBernardo Vega --
_tEl por qué de andar con una cámara /
_rBernard Diederich --
_t¿Quién es Bernard Diederich? Breve biografía y colección de fotos de sus "etapas" y corresponsalías --
_tPrimer Contacto con la República Dominicana. 1951-1961 -- 1951: El abrazo armado de Rafael L. Trujillo y Paul E. Magloire -- 1958: Duvalier y Trujillo -- 1960: Febrero. represión en Ciudad Trujillo -- Castigo continuo -- Un "accidente" en la carretera -- 1961: La muerte del dictador --
_tLos partidos de oposición y la lucha contra Ramfis y Balaguer
_tBreve ensayo de democracia Febrero-Septiembre 1963 -- Despues del golpe de Estado de 1963 --
_tA las puertas de una Guerra Civil 1963-1965 -- Incidente trágico frente al palacio --
_tLa guerra de Abril y la intervención militar norteamericana. Abril 1965-Septiembre 1966 -- Dos Gobiernos: una ciudad dividida y alambrada -- Uno de tantos -- 1966 --
_tLos interventores se van
_tEpílogo a manera de dedicatoria "no pictures, please", Bernard Diederich (2001) --
_tCronología o marco histórico de la etapa cubierta en esta obra (1951-1966) --
_tBibliografía General --
_tÍndice Onomástico.
651 4 _aRepública Dominicana
_xHistoria
_yEra de Trujillo, 1930-1961
_xFotografías
651 4 _aRepública Dominicana
_xHistoria
_y1961-1965
_xFotografía
651 4 _aRepública Dominicana
_xHistoria
_yOcupación Norteamericana, 1965-1966
_xFotografías
700 1 _aVega, Bernardo
910 _aVMateo /Validado. Control de calidad BNPHU
942 _2ddc
_cBK
945 _aInventariado / 2017 VM
956 _aVMATEO
_b10
_c20150511
_lBPMSU
_h00151
999 _c7845
_d7845